000 00796nam a2200229 a 4500
001 000012633
005 20240503073630.0
008 091113s1985 sp a 001 f spa d
020 _a842072632X
040 _aDO-SdBNP
_bspa
_cBNPHU
082 _a863.3
_bC419r
100 1 _aCervantes Saavedra, Miguel de,
_d1547-1616
_93070
245 1 0 _aRinconete y cortadillo /
_cMiguel de Cervantes Saavedra ; edición, introducción, notas, comentarios y apéndice por Ángel Basanta.
260 _aMadrid :
_bAnaya,
_c1985.
300 _a131, [5] :
_bil. ;
_c19 cm.
490 1 _aBiblioteca Didáctica Anaya
_v6
650 4 _aNovela española
_91123
650 4 _aLiteratura española
_9632
700 1 _aBasanta, Ángel,
_eed.
_929397
830 0 _aBiblioteca Didáctica Anaya ;
_v6
_98965
049 _aBNGR
999 _c12286
_d12286